000 00546nam a2200193Ia 4500
003 LK-CoDNM
008 010623t2008 xxu||||| |||| 00| 1 sin d
040 _aLK-CoDNM
_dLK-CoDNM
_eLK-CoDNM
041 _asin
080 _a133.52 WIL
100 _aWilliam,R.H.
245 _aකේන්දර බලන හැටි-5,සිංහ ලග්නය
246 _aKendara Balana Heti-5 : Sinha Lagnaya
260 _bGunasena
_aColombo
_c2008
300 _b75p., 21 cm
500 _aKendara Balana Heti-5
650 _aAstrology
942 _cBK
999 _c127603
_d127603